01607cam a2200265 a 450000100100000000500170001000800410002701000130006802000150008103500200009604000220011604200140013804300120015205000250016424500850018926001500027430000210042450400410044550505640048665000430105071000860109391000340117995201110121399900170132400001237520200929163020.0970430s1996 ag b 000 0 spa d a97145998 a9509431486 a(OCoLC)36835970 aDO-SdBNPcFUdDLC alccopycat acl-----00aHD7130.5b.S437 199603aLa Seguridad social en America Latina :bseis experiencias diferentes /cCIEDLA. aBuenos Aires, Republica Argentina :bKonrad-Adenauer-Stiftung, CIEDLA ;aBonn, Republica Federal de Alemania :bKonrad-Adenauer-Stiftung,cc1996. a489 p. ;c21 cm. aIncludes bibliographical references.0 aSistemas de seguridad social en America Latina : sintesis de estudios nacionales / Theresa Durnbeck -- La seguridad social y la pobreza en Cuba / Carmelo Mesa-Lago -- La seguridad social en Costa Rica / Carlos Vargas Pagan y Patricia Cardenas -- El sistema de seguridad social en Colombia / Maria Teresa Forero de Saade -- Seguridad social y pobreza en Peru : una aproximacion / Francisco Verdera V. -- El regimen de seguridad social en Paraguay / Jorge Luis Schreiner Marengo -- La reforma del sistema de prestaciones sociales en Venezuela / Gustavo Marquez. 0aSocial securityzLatin America.9290742 aCentro Interdisciplinario de Estudios sobre el Desarrollo Latinoamericano.929075 aCatalogación por copia / LC 001052708MOaGRbGRcCTd2009-11-11iLF1l0o p12375-10r2020-06-25w2020-06-25y2ZPréstamo interno c12032d12032